| 000 | 00667cab a2200253 4500 | ||
|---|---|---|---|
| 001 | ABS58445 | ||
| 008 | 090401t1998 xxu||||| |||| 00| 0 eng d | ||
| 035 | _a(Sirsi) u85295 | ||
| 041 | _aeng | ||
| 100 | _aJoseph, D. | ||
| 245 | 2 | _aA chance to strike gold? | |
| 260 | _c1998 | ||
| 350 | _a0 | ||
| 490 |
_aHousing Today _v(74) 12 March 1998, 15(1) |
||
| 520 | _aAuthor considers what monetary union will mean for social housing. | ||
| 650 | _aFUNDING | ||
| 650 | _aHOUSING ASSOCIATIONS | ||
| 650 | _aMONETARY UNION | ||
| 650 | _aSINGLE CURRENCY | ||
| 650 | _aSOCIAL HOUSING | ||
| 690 | _aHOUSING-HOUSING FINANCE | ||
| 942 | _n0 | ||
| 948 | _c30/03/1998 | ||
| 999 |
_c53628 _d53628 |
||